Shall we Tell the President? (Record no. 298504)
[ view plain ]
| 000 -LEADER | |
|---|---|
| fixed length control field | 00241 a2200109 4500 |
| 001 - CONTROL NUMBER | |
| control field | 63431 |
| 082 ## - DEWEY DECIMAL CLASSIFICATION NUMBER | |
| Classification number | 823 ARC |
| 090 ## - LOCALLY ASSIGNED LC-TYPE CALL NUMBER (OCLC); LOCAL CALL NUMBER (RLIN) | |
| -- | 37489 |
| -- | 37489 |
| 100 ## - MAIN ENTRY--PERSONAL NAME | |
| Personal name | Archer, J |
| 245 ## - TITLE STATEMENT | |
| Title | Shall we Tell the President? |
| Medium | English |
| 260 ## - PUBLICATION, DISTRIBUTION, ETC. | |
| Name of publisher, distributor, etc. | Coronet Books |
| 942 ## - ADDED ENTRY ELEMENTS (KOHA) | |
| Institution code [OBSOLETE] | CAE NUST |
| Call number prefix | 823 ARC |
| Withdrawn status | Lost status | Damaged status | Not for loan | Collection code | Permanent Location | Current Location | Date acquired | Total Checkouts | Full call number | Barcode | Date last seen | Price effective from | Koha item type |
|---|---|---|---|---|---|---|---|---|---|---|---|---|---|
| College of Aeronautical Engineering (CAE) | College of Aeronautical Engineering (CAE) | 04/03/2017 | 823 ARC | CAEG-5460 | 04/05/2017 | 04/05/2017 | Book |
